1836 1714 1158 1570 1047 1823 1986 1238 1914 1830 1728 1337 1910 1529 1952 1440 1125 1113 1416 1858 1983 1047 1231 1553 1811 1351 1819 1261 1027 1309 1080 1766 1904 1489 1562 1784 1026 1512 1117 1403 1448 1466 1442 1995 1517 1448 1052 1802 1092 1276 1638 1198 1893 1923 1776 1938 1079 1490 1129 1993 1787 1243 1655 1796 1336 1402 1133 1638 1311 1034 1887 1310 1375 1488 1284 1151 1921 1911 1440 1323 1779 1751 1325 1937 1950 1723 1944 1802 1834 1824 1770 1188 1369 1267 1806 1586 1315 1496 1725 BCNSPRNW ULIB Ver.6.0+V

เปลี่ยนเป็นภาษาไทย

Change to English
 แสดงรายละเอียดบรรณานุกรม
  กลับหน้าหลัก

Brief Record : Get Marc (ISO 2709) : E-mail record : QR code < ปิดหน้าต่าง
LEADER : 00000nam 2200000uu 4500
001    13399114423
003     ULIB
008    110719s||||||||th 000 0 tha d
020    9748327808
099    นว.^bค949ส ล.11
100 1  โยชิคาวะ, เอจิ
245 10 สามก๊ก 11 ตอน ยอดขุนพลเพี่ยงพล้ำ/^cเอจิ โยชิคาวะ, เรื่อง ; จัน สัมฤทธิ์, แปล
250    พิมพ์ครั้งที่ 2
260    กรุงเทพฯ :^bอมรินทร์คอมมิกส์,^c2550
300    176 หน้า
650  4 สามก๊ก^xการ์ตูน
650  4 วรรณกรรมสำหรับเด็ก
650  4 วรรณกรรมจีน^xการ์ตูน
651  4 จีน^xประวัติศาสตร์^xการ์ตูน
700 0  จัน สัมฤทธิ์
945    ^p158^l0^i024711
995    ทศพร
999 ^a ใช้งานได้ทุกระบบ
รายการนี้ยังไม่มีแท็ก
คุณยังไม่ได้ล็อกอิน คุณสามารถมีกิจกรรมร่วมกับเว็บไซต์ได้ แต่ต้องล็อกอินก่อน ::
  ล็อกอิน

รายการสื่อสารสนเทศ

ลำดับที่ ประเภท เลขเรียก/บาร์โค้ด สถานที่ สถานะ
- ไม่พบข้อมูล -

รายการใกล้เคียง
    ผู้แต่ง [โยชิคาวะ, เอจิ]

    หัวเรื่อง [วรรณกรรมสำหรับเด็ก]

BibComment


ยังไม่เคยถูกคอมเมนท์

คอมเมนท์ทรัพยากรรายการนี้
  คอมเมนท์: สามก๊ก 11 ตอน ยอ..


 Copyright 2026. Bcnsprnw @Library